| 000 | 00574nam a2200193Ia 4500 | ||
|---|---|---|---|
| 003 | 0100 | ||
| 008 | 130227s9999 xx 000 0 und d | ||
| 040 | _cARRUPELIB | ||
| 050 | _aR724.T104 2010 | ||
| 100 | _aTangwa, Godfrey | ||
| 245 | _aElements of African bioethics in a Western frame | ||
| 260 | _aMankon | ||
| 260 | _bLangaa Research | ||
| 260 | _C2010 | ||
| 300 | _aii | ||
| 300 | _b 204p. 22cm. | ||
| 650 | _bSalvation-Christianity-history of doctranes, Judaism-Influence, Christianity-other religins-Judaism, Judaism-Relations-christianity | ||
| 942 |
_2lcc _04 |
||
| 999 |
_c6188 _d6188 |
||